| 000 | 00695nam a2200193Ia 4500 | ||
|---|---|---|---|
| 003 | LDD | ||
| 008 | 190117s9999 xx 000 0 und d | ||
| 020 |
_a9789351862758 _c₹250 |
||
| 040 | _cLDD | ||
| 041 | _ahi | ||
| 082 | _a8H3.7 या79203से | ||
| 100 | _aयात्री, से. रा. | ||
| 245 | 0 |
_aसे. रा. यात्री की लोकप्रिय कहानियां _cसे. रा. यात्री |
|
| 260 |
_aदिल्ली _bप्रभात प्रकाशन _c2015 |
||
| 300 | _a175p. | ||
| 901 | _aKGP | ||
| 904 | _aReqst by : Jitendra kumar srivasta | ||
| 942 |
_2ddc _cH |
||
| 999 |
_c167661 _d167661 |
||